[Event "POL-chT 2nd League"]
[Site "Wysowa"]
[Date "2007.09.08"]
[Round "6"]
[White "Przybyla, Kamil"]
[Black "Wesolowski, Tadeusz"]
[Result "1/2-1/2"]
[WhiteElo "2035"]
[BlackElo "2088"]
[PlyCount "48"]
[EventDate "2007.09.03"]
[EventType "team-swiss"]
[EventRounds "9"]
[EventCountry "POL"]
[SourceTitle "EXT 2010"]
[Source "ChessBase"]
[SourceDate "2010.11.25"]
[SourceVersion "1"]
[SourceVersionDate "2010.11.25"]
[SourceQuality "1"]
[WhiteTeam "Warszawa YMCA"]
[BlackTeam "Pawlowice GKS Pniowek 74"]
[WhiteTeamCountry "POL"]
[BlackTeamCountry "POL"]

1. e4 e5 2. Nf3 Nc6 3. Bb5 Nf6 4. 0-0 Nxe4 5. d4 Nd6 6. Bxc6 dxc6 7. dxe5 Nf5 8. Qe2 Nd4 9. Nxd4 Qxd4 10. Rd1 Qg4 11. f3 Qg6 12. Be3 Be7 13. Nc3 Bf5 14. Rd2 0-0 15. g4 Bb4 16. h4 h5 17. Bg5 hxg4 18. fxg4 Be6 19. a3 Bxc3 20. bxc3 Rae8 21. Re1 f6 22. exf6 gxf6 23. Qxe6+ Rxe6 24. Rxe6 Qg7 1/2-1/2

[Event "POL-chT 2nd League"]
[Site "Wysowa"]
[Date "2005.09.03"]
[Round "8.77"]
[White "Czyz, Artur"]
[Black "Wesolowski, Tadeusz"]
[Result "0-1"]
[WhiteElo "1973"]
[BlackElo "2092"]
[PlyCount "55"]
[EventDate "2005.08.27"]
[EventType "team-swiss"]
[EventRounds "9"]
[EventCountry "POL"]
[SourceTitle "EXT 2019"]
[Source "ChessBase"]
[SourceDate "2018.10.10"]
[SourceVersion "1"]
[SourceVersionDate "2018.10.10"]
[SourceQuality "1"]
[WhiteTeam "Wroclaw AZS Politechnika"]
[BlackTeam "Pawlowice GKS Pniowek 74"]
[WhiteTeamCountry "POL"]
[BlackTeamCountry "POL"]

1. e4 e5 2. Nf3 d6 3. d4 Nd7 4. Nc3 Ngf6 5. g4 Nxg4 6. Rg1 exd4 7. Qxd4 Nde5 8. Nxe5 Nxe5 9. Be2 Nc6 10. Qd3 Be6 11. Qb5 Qc8 12. Be3 a6 13. Qh5 Qd7 14. 0-0-0 0-0-0 15. f4 g6 16. Qh4 f5 17. Qf2 Qf7 18. exf5 Bxf5 19. Bf3 Bg7 20. Nd5 Rde8 21. Qd2 Be4 22. Bg4+ Kb8 23. Nb6 Qxa2 24. Nd7+ Ka8 25. Qf2 Qxb2+ 26. Kd2 Qxc2+ 27. Ke1 Bf5 28. Rd2 0-1

[Event "POL-chT 2nd League"]
[Site "Wysowa"]
[Date "2005.08.31"]
[Round "5.95"]
[White "Rajda, Krystian"]
[Black "Wesolowski, Tadeusz"]
[Result "1/2-1/2"]
[WhiteElo "1800"]
[BlackElo "2092"]
[PlyCount "46"]
[EventDate "2005.08.27"]
[EventType "team-swiss"]
[EventRounds "9"]
[EventCountry "POL"]
[SourceTitle "EXT 2019"]
[Source "ChessBase"]
[SourceDate "2018.10.10"]
[SourceVersion "1"]
[SourceVersionDate "2018.10.10"]
[SourceQuality "1"]
[WhiteTeam "Chroscice LZS Victoria"]
[BlackTeam "Pawlowice GKS Pniowek 74"]
[WhiteTeamCountry "POL"]
[BlackTeamCountry "POL"]

1. e4 e5 2. f4 Bc5 3. Nf3 d6 4. Nc3 Nc6 5. Bb5 Bg4 6. Na4 Bb6 7. Nxb6 axb6 8. 0-0 Nge7 9. h3 Bd7 10. d4 Nxd4 11. Nxd4 exd4 12. Bxd7+ Qxd7 13. Qxd4 f6 14. b3 Nc6 15. Qf2 0-0 16. Bb2 Rae8 17. Rae1 Rf7 18. Re2 Rfe7 19. Rfe1 Ra8 20. a3 Qe8 21. Qg3 Qg6 22. Qxg6 hxg6 23. Kf2 Rae8 1/2-1/2

[Event "POL-chT 2nd League"]
[Site "Wysowa"]
[Date "2005.08.29"]
[Round "3.77"]
[White "Wesolowski, Tadeusz"]
[Black "Kolinski, Stanislaw"]
[Result "1/2-1/2"]
[WhiteElo "2092"]
[BlackElo "2026"]
[PlyCount "70"]
[EventDate "2005.08.27"]
[EventType "team-swiss"]
[EventRounds "9"]
[EventCountry "POL"]
[SourceTitle "EXT 2019"]
[Source "ChessBase"]
[SourceDate "2018.10.10"]
[SourceVersion "1"]
[SourceVersionDate "2018.10.10"]
[SourceQuality "1"]
[WhiteTeam "Pawlowice GKS Pniowek 74"]
[BlackTeam "Srem LKS Piast"]
[WhiteTeamCountry "POL"]
[BlackTeamCountry "POL"]

1. d4 Nf6 2. c4 e6 3. Nc3 Bb4 4. Qc2 0-0 5. a3 Bxc3+ 6. Qxc3 Ne4 7. Qc2 d5 8. Bf4 c6 9. f3 Nf6 10. e3 dxc4 11. Bxc4 Nd5 12. Qd2 Nxf4 13. exf4 a5 14. Ne2 a4 15. 0-0 Ra5 16. Rfd1 Qc7 17. Rac1 Rd8 18. Bd3 Rh5 19. Nc3 Kh8 20. Bb1 e5 21. fxe5 Rxe5 22. Qf2 Rh5 23. g3 Be6 24. Bc2 b5 25. Be4 Bb3 26. Rd2 Qb6 27. Ne2 Rh6 28. Bc2 Bd5 29. Be4 Rhd6 30. Bxd5 Rxd5 31. Rcd1 Qb7 32. Nc3 R5d6 33. Ne4 Rd5 34. Nc3 R5d6 35. Ne4 Rd5 1/2-1/2

[Event "POL-chT 2nd League"]
[Site "Polanica Zdroj"]
[Date "2004.09.06"]
[Round "3"]
[White "Wesolowski, Tadeusz"]
[Black "Kusina, Jan"]
[Result "1/2-1/2"]
[WhiteElo "2090"]
[BlackElo "2106"]
[PlyCount "23"]
[EventDate "2004.09.04"]
[EventType "team-swiss"]
[EventRounds "11"]
[EventCountry "POL"]
[SourceTitle "CBM 102 Extra"]
[Source "ChessBase"]
[SourceDate "2004.11.03"]
[SourceVersion "1"]
[SourceVersionDate "2004.11.03"]
[SourceQuality "1"]
[WhiteTeam "Pawlowice GKS Pniowek 74"]
[BlackTeam "Krakow TKKF Drogowiec"]
[WhiteTeamCountry "POL"]
[BlackTeamCountry "POL"]

1. Nf3 d5 2. d4 Nf6 3. g3 e6 4. Bg2 c5 5. 0-0 Nc6 6. c3 Be7 7. dxc5 Bxc5 8. Bg5 Be7 9. Nbd2 0-0 10. Qb3 b6 11. Rfe1 Bb7 12. Rad1 1/2-1/2

[Event "POL-chT 2nd League"]
[Site "Wysowa"]
[Date "2003.09.10"]
[Round "7"]
[White "Chalupnik, Marcin"]
[Black "Wesolowski, Tadeusz"]
[Result "1-0"]
[WhiteElo "2223"]
[BlackElo "2106"]
[PlyCount "43"]
[EventDate "2003.09.06"]
[EventType "team-swiss"]
[EventRounds "11"]
[EventCountry "POL"]
[SourceTitle "CBM 096 Extra"]
[Source "ChessBase"]
[SourceDate "2003.10.22"]
[SourceVersion "2"]
[SourceVersionDate "2003.10.20"]
[SourceQuality "1"]
[WhiteTeam "Warszawa YMCA"]
[BlackTeam "Pawlowice GKS Pniowek 74"]
[WhiteTeamCountry "POL"]
[BlackTeamCountry "POL"]

1. e4 d6 2. d4 Nf6 3. Nc3 e5 4. Nf3 Nbd7 5. Bc4 Be7 6. Bxf7+ Kxf7 7. Ng5+ Kg8 8. Ne6 Qe8 9. Nxc7 Qg6 10. Nxa8 Qxg2 11. Rf1 exd4 12. Qxd4 Ne5 13. f4 Bh3 14. Qf2 Qxf1+ 15. Qxf1 Bxf1 16. fxe5 dxe5 17. Kxf1 Bd6 18. Be3 Kf7 19. Rd1 Ke7 20. Nb5 Rxa8 21. Nxd6 Rd8 22. Nf5+ 1-0

[Event "POL-chT 2nd League"]
[Site "Wysowa"]
[Date "2003.09.06"]
[Round "1"]
[White "Wesolowski, Tadeusz"]
[Black "Kolago, Marcin"]
[Result "0-1"]
[WhiteElo "2106"]
[BlackElo "2274"]
[PlyCount "108"]
[EventDate "2003.09.06"]
[EventType "team-swiss"]
[EventRounds "11"]
[EventCountry "POL"]
[SourceTitle "CBM 096 Extra"]
[Source "ChessBase"]
[SourceDate "2003.10.22"]
[SourceVersion "2"]
[SourceVersionDate "2003.10.20"]
[SourceQuality "1"]
[WhiteTeam "Pawlowice GKS Pniowek 74"]
[BlackTeam "Ostroda Kormoran"]
[WhiteTeamCountry "POL"]
[BlackTeamCountry "POL"]

1. d4 f5 2. Bg5 d6 3. e3 g6 4. c3 Bg7 5. Nd2 Nf6 6. Bc4 c6 7. a4 Nbd7 8. Ne2 e5 9. 0-0 Qe7 10. e4 fxe4 11. Nxe4 d5 12. Nxf6+ Bxf6 13. Bxf6 Nxf6 14. dxe5 Qxe5 15. Ng3 0-0 16. Be2 Bd7 17. Bf3 Rae8 18. Qd2 Bg4 19. Bxg4 Nxg4 20. h3 Nxf2 21. Rxf2 Qxg3 22. Rxf8+ Rxf8 23. Re1 Qf4 24. Qc2 Qc4 25. Re2 Qc5+ 26. Kh2 Qd6+ 27. Kg1 b6 28. b4 Kg7 29. Qd2 Rf7 30. Rf2 Rxf2 31. Qxf2 Qe5 32. a5 Qxc3 33. axb6 axb6 34. Qxb6 d4 35. Qc7+ Kf6 36. Qxh7 Qe1+ 37. Kh2 Qxb4 38. Qh8+ Kf5 39. Qc8+ Kf4 40. Qxc6 Ke3 41. Qe6+ Kd2 42. Qxg6 d3 43. Qg5+ Kc2 44. Qf5 Qd6+ 45. Kg1 Qd4+ 46. Kf1 Qe3 47. Qg4 d2 48. Qa4+ Qb3 49. Qc6+ Qc3 50. Qa4+ Qb3 51. Qc6+ Kb2 52. Qf6+ Qc3 53. Qb6+ Kc1 54. Qh6 Kc2 0-1

[Event "POL-chT 58th 2nd League"]
[Site "Wisla"]
[Date "2002.??.??"]
[Round "?"]
[White "Wesolowski, Tadeusz"]
[Black "Dlugosz, Jedrzej"]
[Result "1/2-1/2"]
[WhiteElo "2149"]
[BlackElo "2307"]
[PlyCount "40"]
[EventDate "2002.08.30"]
[EventType "team-swiss"]
[EventRounds "11"]
[EventCountry "POL"]
[SourceTitle "EXT 2019"]
[Source "ChessBase"]
[SourceDate "2018.10.10"]
[SourceVersion "1"]
[SourceVersionDate "2018.10.10"]
[SourceQuality "1"]
[BlackTeam "Gdanski Tama Jantar Pruszcz"]
[BlackTeamCountry "POL"]

1. c4 c6 2. d4 d5 3. Nf3 Nf6 4. Nc3 e6 5. Bg5 h6 6. Bxf6 Qxf6 7. e3 Nd7 8. Rc1 Bd6 9. cxd5 exd5 10. Bd3 Qe7 11. h3 Nf6 12. Nd2 0-0 13. 0-0 Be6 14. a3 Rae8 15. Qc2 Qd7 16. f4 Qd8 17. Nf3 c5 18. Ne5 a6 19. Kh1 cxd4 20. exd4 Qb6 1/2-1/2

[Event "POL-chT2 South"]
[Site "Ustron"]
[Date "2001.09.??"]
[Round "?"]
[White "Denderski, Piotr"]
[Black "Wesolowski, Tadeusz"]
[Result "1/2-1/2"]
[WhiteElo "2062"]
[BlackElo "2171"]
[PlyCount "24"]
[EventDate "2001.09.14"]
[EventType "team-swiss"]
[EventRounds "10"]
[EventCountry "POL"]
[SourceTitle "EXT 2019"]
[Source "ChessBase"]
[SourceDate "2018.10.10"]
[SourceVersion "1"]
[SourceVersionDate "2018.10.10"]
[SourceQuality "1"]

1. d4 d5 2. c4 dxc4 3. Nf3 a6 4. e3 Nf6 5. Bxc4 e6 6. 0-0 c5 7. dxc5 Qxd1 8. Rxd1 Bxc5 9. b3 Nbd7 10. Bb2 b6 11. Nbd2 Bb7 12. Be2 Ke7 1/2-1/2

[Event "POL-chT 2nd div South"]
[Site "Polanica Zdroj"]
[Date "1999.??.??"]
[Round "2"]
[White "Wesolowski, Tadeusz"]
[Black "Kasperek, Ryszard"]
[Result "1-0"]
[WhiteElo "2221"]
[BlackElo "2311"]
[PlyCount "40"]
[EventDate "1999.09.17"]
[EventType "team-swiss"]
[EventRounds "10"]
[EventCountry "POL"]
[SourceTitle "EXT 2001"]
[Source "ChessBase"]
[SourceDate "2000.11.22"]
[SourceVersion "1"]
[SourceVersionDate "2000.11.22"]
[SourceQuality "1"]
[WhiteTeam "POL-chT 2nd div South 26"]
[BlackTeam "Rolnik Roza"]
[WhiteTeamCountry "POL"]
[BlackTeamCountry "POL"]

1. d4 Nf6 2. c4 e6 3. Nc3 Bb4 4. Qc2 0-0 5. a3 Bxc3+ 6. Qxc3 b6 7. Bg5 Bb7 8. e3 d6 9. f3 Nbd7 10. Nh3 h6 11. Bh4 c5 12. dxc5 bxc5 13. Be2 d5 14. cxd5 exd5 15. Bf2 Re8 16. Qd2 d4 17. e4 Bxe4 18. fxe4 Nxe4 19. Qd3 Rb8 20. 0-0 Rxb2 1-0

[Event "POL-chT 2nd div South"]
[Site "Polanica Zdroj"]
[Date "1999.??.??"]
[Round "7"]
[White "Wesolowski, Tadeusz"]
[Black "Luksik, Mateusz"]
[Result "1/2-1/2"]
[WhiteElo "2221"]
[BlackElo "2157"]
[PlyCount "56"]
[EventDate "1999.09.17"]
[EventType "team-swiss"]
[EventRounds "10"]
[EventCountry "POL"]
[SourceTitle "EXT 2001"]
[Source "ChessBase"]
[SourceDate "2000.11.22"]
[SourceVersion "1"]
[SourceVersionDate "2000.11.22"]
[SourceQuality "1"]
[WhiteTeam "POL-chT 2nd div South 26"]
[BlackTeam "POL-chT 2nd div South 24"]
[WhiteTeamCountry "POL"]
[BlackTeamCountry "POL"]

1. d4 d5 2. c4 c6 3. Nc3 Nf6 4. Nf3 dxc4 5. a4 Bg4 6. Ne5 Bh5 7. f3 Nfd7 8. Nxc4 e5 9. Nxe5 Nxe5 10. dxe5 Qxd1+ 11. Kxd1 Nd7 12. g4 Bg6 13. f4 h5 14. g5 Rd8 15. Ke1 Nc5 16. Be3 Bc2 17. Rc1 Bb3 18. Bg2 a5 19. Kf2 Be7 20. Bf3 Ra8 21. Nd5 Bxd5 22. Bxc5 Bb3 23. Bd4 Bxa4 24. e3 g6 25. e6 0-0 26. exf7+ Rxf7 27. Be4 Kh7 28. h4 Bb3 1/2-1/2

[Event "POL-chT 2nd div South"]
[Site "Polanica Zdroj"]
[Date "1999.??.??"]
[Round "10"]
[White "Wesolowski, Tadeusz"]
[Black "Stachanczyk, Jacek"]
[Result "1-0"]
[WhiteElo "2221"]
[BlackElo "2055"]
[PlyCount "112"]
[EventDate "1999.09.17"]
[EventType "team-swiss"]
[EventRounds "10"]
[EventCountry "POL"]
[SourceTitle "EXT 2001"]
[Source "ChessBase"]
[SourceDate "2000.11.22"]
[SourceVersion "1"]
[SourceVersionDate "2000.11.22"]
[SourceQuality "1"]
[WhiteTeam "POL-chT 2nd div South 26"]
[BlackTeam "POL-chT 2nd div South 21"]
[WhiteTeamCountry "POL"]
[BlackTeamCountry "POL"]

1. d4 d5 2. c4 c6 3. Nc3 Nf6 4. Nf3 e6 5. Bg5 Nbd7 6. cxd5 exd5 7. e3 Qa5 8. Bd3 Ne4 9. Qc2 Nxg5 10. Nxg5 h6 11. Nf3 Be7 12. 0-0 0-0 13. a3 Qd8 14. b4 Nf6 15. b5 cxb5 16. Nxb5 a6 17. Nc3 b5 18. Ne5 Be6 19. Nc6 Qd6 20. Nxe7+ Qxe7 21. Qb3 Qd6 22. Qb4 Rfd8 23. Rfb1 Rac8 24. Ne2 Ne4 25. a4 Nc3 26. Nxc3 Qxb4 27. Rxb4 Rxc3 28. Rd1 Rdc8 29. Kf1 bxa4 30. Rxa4 Rb8 31. Rxa6 Kf8 32. Ra2 Bg4 33. Be2 Bf5 34. Bf3 Rb5 35. h4 Ke7 36. g4 Be6 37. Kg2 f5 38. Kg3 Rc6 39. Rda1 Rd6 40. g5 hxg5 41. hxg5 Bf7 42. Ra7+ Ke6 43. Rh1 Rb8 44. Rc1 Rbd8 45. Rcc7 R8d7 46. Rxd7 Rxd7 47. Rxd7 Kxd7 48. Bd1 Kd6 49. Ba4 g6 50. f3 Ke7 51. Kf2 Kd6 52. Ke2 Ke7 53. Kd3 Ke6 54. Kc3 Kd6 55. Kb4 Bg8 56. Be8 Bh7 1-0

[Event "Polanica Zdroj op"]
[Site "Polanica Zdroj"]
[Date "1994.??.??"]
[Round "?"]
[White "Bus, Mariusz"]
[Black "Wesolowski, Tadeusz"]
[Result "1-0"]
[WhiteElo "2370"]
[BlackElo "2230"]
[PlyCount "107"]
[EventDate "1994.??.??"]
[EventType "swiss"]
[EventRounds "10"]
[EventCountry "POL"]
[SourceTitle "EXT 1998"]
[Source "ChessBase"]
[SourceDate "1997.11.17"]
[SourceVersion "1"]
[SourceVersionDate "1997.11.17"]
[SourceQuality "1"]

1. e4 d6 2. d4 Nf6 3. Nc3 e5 4. Nf3 Nbd7 5. Bc4 Be7 6. 0-0 0-0 7. Re1 c6 8. a4 a5 9. Bg5 h6 10. Bh4 Nh7 11. Bxe7 Qxe7 12. Qd3 Ng5 13. Nxg5 Qxg5 14. Re3 Nb6 15. Bb3 Nd7 16. Rd1 exd4 17. Qxd4 Nc5 18. Bc4 Be6 19. Bf1 Rfd8 20. e5 Bd5 21. Nxd5 cxd5 22. exd6 Ne4 23. Qxd5 Qxd5 24. Rxd5 Rxd6 25. Rxd6 Nxd6 26. Re7 Rd8 27. Bd3 Kf8 28. Rc7 Rc8 29. Rxc8+ Nxc8 30. Kf1 Ke7 31. Ke2 Kd6 32. Be4 b6 33. Bb7 Ne7 34. Kd3 Kc5 35. g3 Nf5 36. b3 Nd4 37. Be4 b5 38. axb5 Nxb5 39. c3 Nc7 40. Bf3 Nb5 41. Bh5 f6 42. Bf7 Nd6 43. Be6 Nb5 44. h4 Nc7 45. Bf7 Nb5 46. h5 Na7 47. Ke4 Nc6 48. Kf5 Ne5 49. Be8 Kd6 50. f4 Nf3 51. Kg6 Ke7 52. Bc6 Nd2 53. Kxg7 Nxb3 54. Kxh6 1-0